LEADER 01019nam a2200253 i 4500 001 000000151103 003 CaOOAMICUS 005 20060621000000.0 008 060621s2005 it u000 u ita u 013 $a128441 020 $a88-06-17937-3 040 $aSeMil$bita 100 1 $aSaramago, José <1922-2010>.$0(OLS)http://semarc/name/31399 240 10$aAs Intermitências da Morte.$0(OLS)http://semarc/title/220875 245 13$aLe intermittenze della morte /$cJosé Saramago ; traduzione di Rita Desti. 260 $aTorino :$bEinaudi,$ccopyr. 2005. 300 $a205 p. ;$c22 cm. 700 1 $aDesti, Rita.$0(OLS)http://semarc/name/42338 850 $aSeMil 852 $aSeMil$W1$xVenegono$y1$m1V V 154$j103145$B103145$CSeMilBibl$Z2$F112195 $81 961 $aOmaggio: Ghiringhelli prof. Livio 996 $6020$a88-06-17937-3$9(OLS)http://semarc/number/140625 996 $6245$aLe intermittenze della morte$9(OLS)http://semarc/title/220874 996 $6260$aTorino :$bEinaudi$9(OLS)http://semarc/publisher/29884 LEADER 00588naa a2200145 i 4500 001 000000303584 003 CaOOAMICUS 005 20180831172802.0 008 180831n xx u000 u und u 013 $a11364 040 $aSeMil$bita 100 1 $aFedalto, Giorgio.$0(OLS)http://semarc/name/727 245 13$aLa diocesi nel Medioevo ; Greci e Armeni. 773 0 $aBertoli, Bruno <1928-2011>$tPatriarcato di Venezia.$dPadova : Libreria Editrice Gregoriana, 1991.$kStoria religiosa del Veneto$z88-7706-093-X$w()38987 996 $6245$aLa diocesi nel Medioevo ; Greci e Armeni$9(OLS)http://semarc/title/379545